Wien Linie 12 - Statistiken

Allgemein
  • Dieses Quiz wurde 16 mal gespielt
  • Das Durchschnittsergebnis liegt bei 18 aus 25
Antwortstatistiken
Haltestellen Umsteigen zu... % Korrekt
Hillerstraße
100%
Höchstädtplatz 2, 31, 37A
88%
Jägerstraße U6, 31, 5B
88%
Josefstädter Straße U6
88%
Alserbachstraße 37, 38, 40A
75%
Blindengasse 2, 5
75%
Brigittaplatz
75%
Spitalgasse 37, 38, 40, 41, 42
75%
Dresdner Straße U6, 5A, 37A
75%
Franz-Josefs-Bahnhof D, S-Bahn
75%
Friedensbrücke U4
75%
Innstraße
75%
Lange Gasse 43, 44
75%
Lazarettgasse
75%
Vorgartenstraße U1
75%
Wallensteinplatz 5, 5B
75%
Albertgasse 2
63%
Bruno-Marek-Allee O
63%
Jungstraße
63%
Klosterneuburgerstr. 31
63%
Laudongasse 13A
63%
Traisengasse S-Bahn
63%
Florianigasse
50%
Haussteinstraße
38%
Rebhangasse 2
38%
Keine übereinstimmenden Quizze gefunden
Verteilung der Resultate
Anzahl Personen mit jedem Resultat
Perzentil nach korrekt beantworteten Fragen
Ihre Resultats-Entwicklung
Sie haben dieses Quiz noch nicht gespielt